Most Populous Cities in Australia - Statistics

General Stats
  • This quiz has been taken 103 times
    79 since last reset
  • The average score is 14 of 25
Answer Stats
Population State City % Correct
4,181,000 Vic Melbourne
100%
1,902,000 WA Perth
100%
4,373,000 NSW Sydney
100%
2,143,000 Qld Brisbane
96%
419,000 ACT / NSW Canberra - Queanbeyan
95%
1,264,000 SA Adelaide
93%
120,000 NT Darwin
84%
605,000 Qld / NSW Gold Coast - Tweed Heads
80%
207,000 Tas Hobart
80%
145,000 Qld Cairns
61%
426,000 NSW Newcastle - Maitland
61%
176,000 Qld Townsville
50%
182,000 Vic Geelong
46%
292,000 Qld Sunshine Coast
46%
287,000 NSW Wollongong
42%
86,000 Tas Launceston
37%
86,000 NSW / Vic Albury - Wodonga
32%
79,000 Qld Rockhampton
26%
113,000 Qld Toowoomba
25%
97,000 Vic Ballarat
24%
90,000 Vic Bendigo
24%
320,000 NSW Central Coast
24%
72,000 WA Bunbury
17%
70,000 Qld Bundaberg
14%
84,000 Qld Mackay
14%
No matching quizzes found
Score Distribution
Percent of People with Each Score
Percentile by Number Answered
Your Score History
You have not taken this quiz since the last reset